Propuestas de bandera fallidas - Estadísticas

Estadísticas generales
  • Esta prueba ha sido intentada 3.493 veces
  • La puntuación promedio es 10 de 16
Estadísticas de respuestas
Imagen Respuesta % Correcto
Australia
98%
Reino Unido
93%
Nigeria
88%
Filipinas
85%
Nueva Zelanda
84%
India
76%
Bolivia
75%
Bosnia y Herzegovina
70%
Kirguistán
69%
México
63%
Montenegro
58%
Kazajistán
46%
Luxemburgo
39%
Sudáfrica
22%
Chipre
16%
Togo
8%
No se encontraron pruebas coincidentes
Distribución de puntuación
Porcentaje de gente con cada puntuación
Porcentaje por número respondido
Historial de tus puntuaciones
No has intentado esta prueba.